Lieux par lettre - M - Statistiques

Statistiques générales
  • Ce quiz a été pris 1 518 fois
  • Le résultat moyen est 11 sur 20
Statistiques - réponses
Indice Lieux % Correct
Plus petite planète du Système solaire Mercure
94%
Pays de Gengis Khan Mongolie
90%
Arrondissement le plus riche de la ville de New York Manhattan
83%
Mythique cabaret parisien, au pied de la butte Montmartre Moulin-Rouge
81%
Grande métropole québécoise au bord du Saint-Laurent Montréal
78%
Capitale des Philippines Manille
76%
Ses habitants l'appellent Москва Moscou
71%
Célèbre cité inca, perchée à 2 438 mètres d’altitude Machu Picchu
70%
Région d'Afrique du Nord composée d’anciens pays berbères Maghreb
69%
Elle accueille chaque année l'Open d'Australie Melbourne
69%
Alexandre le Grand fut à la tête de ce royaume Macédoine
59%
Ville belge inventée par Hergé, connue pour son château Moulinsart
47%
La Terre sombre, fief de Sauron Mordor
46%
Ville inventée par Fritz Lang ou ville de Superman Metropolis
38%
Quartier imaginaire de Marseille, dans Plus belle la vie Mistral
38%
Préfecture de Mayotte Mamoudzou
35%
Vaste région du nord-est de la Chine Mandchourie
32%
Monde virtuel (et internet de demain ?) basé sur les interactions 3D,conceptualisé dès 1964 par Philip K. Dick Métavers
30%
Nom donné à la Terre, dans la mythologie nordique Midgard
18%
Région naturelle située dans le département de la Gironde Médoc
14%
Aucun quiz correspondant
Distribution des résultats
% des personnes avec chaque résultat
Percentile par nombre de réponses
Votre historique - résultats
Vous n’avez pas pris ce quiz